000 00463nam a2200181Ia 4500
001 11296
005 20260306162817.0
008 260306t2016||||xx |||||||||||||| ||spa||
041 _aESP
082 _a985.03
_bB74
100 _aBorja y Aragón, Francisco de,
_eAUT
245 0 _aRelación y sentencia del virrey del Perú (1615-1621)
260 _c2016
300 _a262 páginas :
_c23 cm.
650 _aGEN
654 _aCHU
942 _cLIB
_dJUS
_fJUS
_2ddc
_n
999 _c11296
_d11296